Thème cinéma Mots en pyramides - Statistiques

Statistiques générales
  • Ce quiz a été pris 174 fois
  • Le résultat moyen est 15 sur 69
Statistiques - réponses
Hint Réponse % Correct
1 Cela abrégé CA
96%
9 Cube à jouer DE
52%
1 Comédien ACTEUR
50%
Portrait Je suis (1) acteur
50%
8 Note RE
50%
5 Aluminium AL
48%
7 Césium CS
48%
2 Pronom personnel ME
40%
3 Poitrine SEIN
40%
1 Beau coup ACE
37%
4 Fin du jour SOIR
37%
8 Colère ancienne IRE
35%
6 Liaison ET
34%
1 Empreintes TRACE
34%
7 Liquide SUC
33%
8 Peu de chose RIEN
31%
7 Réussite SUCCES
31%
Portrait Mon plus grand (7) est succès
31%
5 Bière ALE
30%
7 Boucliers ECUS
30%
3 Marque de spécialité ES
30%
7 Aspires SUCES
30%
8 Pays d'Afrique NIGER
29%
1 Communauté RACE
29%
5 Proteste RALE
29%
6 Régles TES
29%
4 Génisse IO
28%
9 Moche LAIDE
28%
8 Division en France REGION
28%
Portrait un hymne à ma (8) région
28%
3 Part du yen SEN
27%
9 Diode LED
26%
6 Superlatif TRES
26%
6 Demeurer RESTER
23%
4 Fleuve espagnol RIO
23%
5 Choisira ELIRA
22%
9 Marché DEAL
20%
6 1 m3 STERE
20%
2 Capitale ROME
19%
5 Fait REALISE
16%
Portrait les films que je (5) réalise
16%
3 Parfumés ANISES
13%
2 Marque de café MEO
13%
3 Premiers AINES
12%
3 Inventeur d'histoire SCENARISTE
11%
Portrait (3) scénariste
11%
Je suis (prénom et nom) Dany Boon
10%
2 Amuseur HUMORISTE
10%
Portrait (2) humoriste
10%
9 Prénom DANIEL
9%
Portrait Mon vrai prénom est (9) Daniel
9%
2 Chaleur humide MOITEUR
8%
4 Complotés OURDIS
6%
6 Ville du Nord ARMENTIERES
3%
Portrait Je suis né à (6) Armentières
3%
3 Claie CANISSE
2%
6 Décisions ARRETES
1%
3 Réalisateurs CINEASTES
1%
2 Fief de potiers MOUSTIER
1%
4 Présente PRODUIS
1%
Portrait je (4) produis
1%
4 Macère des fibres ROUIS
1%
6 A 3 temps TERNAIRES
1%
2 Hésitant TIMORE
1%
3 Valeurs ENCAISSE
0%
6 Relatif à plusieurs armes INTERARMES
0%
2 Airelle MORET
0%
5 Succession RELAIS
0%
6 Grandes vrilles TARIERES
0%
Aucun quiz correspondant
Distribution des résultats
% des personnes avec chaque résultat
Percentile par nombre de réponses
Votre historique - résultats
Vous n’avez pas pris ce quiz